The London Plan (Record no. 110144)
[ view plain ]
| 000 -LEADER | |
|---|---|
| fixed length control field | 01705cad a22002775a 4500 |
| 001 - CONTROL NUMBER | |
| control field | L148640 |
| 008 - FIXED-LENGTH DATA ELEMENTS--GENERAL INFORMATION | |
| fixed length control field | 091014s2009 xxkbdo f f000 0 eng d |
| 020 ## - INTERNATIONAL STANDARD BOOK NUMBER | |
| International Standard Book Number | 9781847812926 |
| 035 ## - SYSTEM CONTROL NUMBER | |
| System control number | (Sirsi) u148640 |
| 041 0# - LANGUAGE CODE | |
| Language code of text/sound track or separate title | eng |
| 050 04 - LIBRARY OF CONGRESS CALL NUMBER | |
| Classification number | 711.309421 $2 18 |
| 110 1# - MAIN ENTRY--CORPORATE NAME | |
| Corporate name or jurisdiction name as entry element | London |
| Subordinate unit | Greater London Authority |
| -- | Mayor of London |
| 9 (RLIN) | 4869 |
| 245 04 - TITLE STATEMENT | |
| Title | The London Plan |
| Remainder of title | spatial development strategy for Greater London, consultation draft replacement plan |
| Medium | [electronic resource] |
| 260 ## - PUBLICATION, DISTRIBUTION, ETC. | |
| Place of publication, distribution, etc. | London |
| Name of publisher, distributor, etc. | GLA |
| Date of publication, distribution, etc. | 2009 |
| 505 2# - FORMATTED CONTENTS NOTE | |
| Formatted contents note | Mayor's foreword -- Introduction and overview -- Context and strategy -- London's places -- London's people -- London's economy -- London's response to climate change -- London's transport -- London's living places and spaces -- Implementation, monitoring and review -- Annexes -- Glossary -- Index of policies -- Endnotes |
| 520 ## - SUMMARY, ETC. | |
| Summary, etc. | Consultation document seeks views on the draft replacement London Plan over the period to 2031. This is an integrated economic, environmental, transport and social plan for the development of London for the next 20-25 years. Part of a set of three documents published simultaneously to deliver the policy framework for London's development over the next 20-25 years (see L148641 and L148642). |
| 520 ## - SUMMARY, ETC. | |
| Summary, etc. | Deadline for comments is 12 January 2010. |
| 521 ## - TARGET AUDIENCE NOTE | |
| Target audience note | Advanced |
| 590 ## - LOCAL NOTE (RLIN) | |
| Local note | KA |
| 650 24 - SUBJECT ADDED ENTRY--TOPICAL TERM | |
| Topical term or geographic name entry element | STRATEGIC PLANNING |
| 650 24 - SUBJECT ADDED ENTRY--TOPICAL TERM | |
| Topical term or geographic name entry element | LONDON PLAN |
| 651 #4 - SUBJECT ADDED ENTRY--GEOGRAPHIC NAME | |
| Geographic name | London (Greater London Authority) |
| -- | 2000- |
| 9 (RLIN) | 3989 |
| 690 ## - LOCAL SUBJECT ADDED ENTRY--TOPICAL TERM (OCLC, RLIN) | |
| Topical term or geographic name as entry element | ENVIRONMENTAL AND LAND CONSULTANCY-PLANNING AND DEVELOPMENT-STRATEGIC PLANNING |
| 856 40 - ELECTRONIC LOCATION AND ACCESS | |
| Uniform Resource Identifier | <a href="https://www.london.gov.uk/shaping-london/london-plan/">https://www.london.gov.uk/shaping-london/london-plan/</a> |
| Public note | View the item free of charge at www.london.gov.uk... |
| 942 ## - ADDED ENTRY ELEMENTS (KOHA) | |
| Suppress in OPAC | 0 |
| Withdrawn status | Lost status | Source of classification or shelving scheme | Damaged status | Not for loan | Home library | Current library | Shelving location | Date acquired | Total Checkouts | Full call number | Barcode | Date last seen | Copy number | Price effective from | Koha item type |
|---|---|---|---|---|---|---|---|---|---|---|---|---|---|---|---|
| Dewey Decimal Classification | Virtual | Virtual | Online | 14/10/2009 | ONLINE PUBLICATION | 148640-2001 | 06/08/2019 | 1 | 06/08/2019 | Book |